000 00356nam a2200145Ia 4500
008 230917s9999||||xx |||||||||||||| ||und||
040 _e53447
_aMAIN
041 _aEnglish
082 _aB N315M:H
100 _aMookerjee, Girija K
245 0 _aNehru: The humanist
260 _aNew Delhi
_bTrimurti Publications
_c1972
300 _a91 p.
942 _cBK
999 _c122289
_d122289